000 00694nam a2200241 i 4500
001 C2-0216352
003 PPAK
005 20180728105027.0
008 990519s1982 my |||| ||||| | may d
040 _aPPAK
_beng
_cPPAK
_erda
082 0 4 _a899.233
_2 23
090 0 0 _a899.233
_bAMA
_dKSA
100 0 _aA. Malik, A. Manap,
_eauthor
245 1 0 _aMengejar kedamaian
264 1 _aKuala Terangganu, Terengganu :
_bYayasan Islam Terangganu ,
_c1982
300 _a271 pages ;
_c22 cm
336 _2rdacontent
_atext
337 _2rdamedia
_aunmediated
338 _2rdacarrier
_avolume
500 _a(Siri penerbitan Yayasan Islam Terengganu)
650 1 0 _aMalay fiction
942 _ddc
_cB
999 _c160001
_d160001